| 000 | 00572nam a22001937a 4500 | ||
|---|---|---|---|
| 003 | OSt | ||
| 005 | 20260427080329.0 | ||
| 008 | 260427b |||||||| |||| 00| 0 eng d | ||
| 020 | _a9971-51-350-1. | ||
| 040 |
_aDWCL-Main lib. _cOC |
||
| 082 |
_25th ed. _aCirc. 624.1 M137d 2001 |
||
| 100 | _aMcCormac. Jack C. | ||
| 245 |
_aDesign of reinforced concrete/ _cJack C. McCormac |
||
| 250 | _a5th ed. | ||
| 260 |
_aNew York : _bJohn Wiley & Sons, Inc. |
||
| 300 |
_axiii, 738 pages ; _c 22 cm. |
||
| 504 | _aIncludes index | ||
| 942 |
_2ddc _cBK-CIRC _e5th ed. _hCirc. _n0 |
||
| 999 |
_c9957 _d9957 |
||